[Event "2nd European Youth GP 2017"]
[Site "Jermuk"]
[Date "2017.10.15"]
[Round "11"]
[White "Zarubitski, Viachaslau"]
[Black "Kacharava, Nikolozi"]
[Result "0-1"]
[WhiteElo "2311"]
[BlackElo "2206"]
[Annotator "TA"]
[PlyCount "188"]
[EventDate "2017.??.??"]
[EventType "tourn"]
[EventCountry "ARM"]
[SourceTitle "playchess.com"]
[Source "ChessBase"]
[SourceQuality "1"]

{[%evp 14,188,26,26,23,23,20,24,49,37,47,30,41,19,41,-8,-7,-20,13,14,27,19,29,18,19,0,0,0,0,-3,-3,0,-4,-5,18,24,16,18,37,-17,0,0,0,-33,-43,-75,-58,-66,-56,-61,-65,-85,-84,-65,-64,-92,-83,-85,-98,-139,-125,-125,-158,-158,-184,-188,-167,-154,-125,-224,-193,-196,-175,-307,-295,-405,-326,-584,-399,-675,-841,-757,-859,-833,0,-204,0,-825,-689,-549,-323,-248,-12,-12,0,0,0,0,0,0,0,0,0,-30,-30,-30,-30,-30,-30,-30,-30,-30,0,0,0,-30,-30,-30,-30,-12,-12,-30,-12,-29,-30,-30,-30,-30,-30,-30,-30,-30,0,0,0,0,0,0,0,0,0,0,0,0,0,0,0,0,0,0,0,0,0,0,0,-29971,-29976,-29975,-29976,-29988,-29989,-29989,-29978,-29978,-29979,-29990,-29980,-29979,-29980,-29992,-29993,-29993,-29994,-29997,-29998,-29998,-29999]} 1. e4 d6 2. d4 Nf6 3. Nc3 e5 4. Nf3 Nbd7 5. Bc4 Be7 6. O-O O-O 7. a4 a5 8. Re1 {LiveBook: 204 Games. C41: Philidor Defence} Nb6 (8... c6 9. Ba2 Re8 10. h3 Bf8 11. Be3 h6 12. Nh4 exd4 13. Bxd4 Nc5 14. Bxc5 dxc5 15. e5 Qxd1 16. Raxd1 Nh5 17. Ng6 Be6 18. Nxf8 Kxf8 19. Bxe6 Rxe6 {1-0 (38) Vachier Lagrave,M (2783)-Ivanchuk,V (2757) Leuven 2017}) 9. Bf1 exd4 10. Nxd4 {The position is equal.} d5 $146 ({Predecessor:} 10... Nfd7 11. Nd5 Nxd5 12. exd5 Bf6 13. Be3 Ne5 14. h3 Bd7 15. b3 c6 16. dxc6 bxc6 {0-1 (119) Sandipan,C (2594)-Kayumov,S (2505) Dubai 2014}) 11. e5 Ne8 12. g3 g6 13. Bg2 Ng7 14. b3 Bb4 15. Bd2 (15. Bb2 {feels hotter.} c6 16. Rf1 Re8 17. Nce2 Nd7 18. Nf3) 15... c6 16. Nce2 Bxd2 17. Qxd2 Nd7 18. Nf4 Nc5 19. b4 axb4 20. Qxb4 Qa5 21. Qxa5 Rxa5 22. Nb3 Nxb3 23. cxb3 Ne6 24. b4 Ra7 25. Nxe6 fxe6 26. Ra3 (26. a5 $14) 26... Bd7 27. a5 b6 28. Rea1 bxa5 29. Rxa5 Rb7 30. Ra7 Rfb8 $1 31. Bf1 Kf7 32. Bd3 Rxa7 $1 33. Rxa7 $17 {[%mdl 4096] Endgame KRB-KRB} Ke8 34. h4 Rxb4 35. Ra8+ Kf7 $1 36. h5 gxh5 37. Rh8 c5 38. Rxh7+ Ke8 39. Rxh5 c4 40. Bg6+ Kd8 41. Rh4 (41. Rh8+ $17 Kc7 42. Kf1) 41... Ra4 42. Kf1 Ra2 $1 43. Ke1 (43. g4 {is a better defense.}) 43... Ba4 44. Rh8+ Kc7 45. Ra8 $2 (45. Rh7+ Kb6 46. f4) 45... c3 46. f4 $2 (46. f3 Kb7 47. Ra5) 46... Kb7 $19 47. Ra5 Kb6 48. Ra8 Kb7 $2 (48... Kc5 49. Be8 Kb4 50. Rb8+ Kc4) 49. Ra5 Kb6 $2 (49... d4 50. g4 Kb6) 50. Ra8 Kc5 51. Be8 Ra1+ 52. Kf2 {[#]} c2 $2 (52... Kb4 $1 $19 53. Rb8+ Kc4) 53. Rc8+ $1 $11 Kb4 54. Bxa4 c1=Q 55. Rxc1 Rxc1 {KR-KB} 56. Bd7 d4 57. Bxe6 d3 {Threatens to win with ...d2.} 58. Ke3 Kc3 59. Ke4 $1 Re1+ 60. Kd5 d2 61. Bg4 Kd3 {Strongly threatening ...Re2!} 62. Bf5+ $1 Kc3 63. Bg4 Kd3 {aiming for ...Re2!} 64. Bf5+ $1 Ke2 65. Bc2 Rc1 66. Ba4 {And now e6 would win.} Ra1 67. Bb3 Ra3 68. Bc2 Rc3 69. Ba4 Rd3+ 70. Ke6 Ra3 (70... Rxg3 $2 71. f5 $19) 71. Bc2 Rc3 (71... Rxg3 $2 72. f5 $19) 72. Ba4 Kd3 (72... Rxg3 $2 73. f5 $19) 73. Bd1 $1 Rc1 74. Bg4 Re1 {White must now prevent ...Re2!} 75. Kf7 {[#]} Re2 $1 {[%mdl 512]} 76. Bxe2+ Kxe2 {KP-KP} 77. e6 {Hoping for e7.} d1=Q 78. f5 $1 {[%cal Bf4f5,Bf5f6,Bf6f7][%mdl 32]} Ke3 79. f6 Qd5 (79... Qh5+ $2 80. Ke7 $19) 80. Ke7 $1 Qc5+ 81. Kf7 Qh5+ 82. Ke7 Ke4 (82... Qc5+ $2 83. Ke8 $19) 83. f7 Qh7 {( -> ...Ke5)} 84. Ke8 $2 {[%mdl 8192] [#]} (84. Kf6 $11) 84... Ke5 $1 {Black mates.} 85. e7 Qg6 86. Kd8 Qd6+ 87. Ke8 Qc6+ 88. Kf8 Kf6 89. g4 Qc8+ 90. e8=N+ Kg6 91. g5 Qd7 {[%csl Gg6][%cal Rd7f7]} 92. Nd6 Qxd6+ 93. Kg8 Qe6 94. Kh8 Qc8+ {Precision: White = 56%, Black = 72%.} 0-1